DATA STRUCTURES (Record no. 9326)
[ view plain ]
| 000 -LEADER | |
|---|---|
| fixed length control field | 00467nam a22001577a 4500 |
| 003 - CONTROL NUMBER IDENTIFIER | |
| control field | SGT |
| 020 ## - INTERNATIONAL STANDARD BOOK NUMBER | |
| International Standard Book Number | 978125902997 |
| 082 ## - DEWEY DECIMAL CLASSIFICATION NUMBER | |
| Classification number | 515.83LIP |
| 100 ## - MAIN ENTRY--PERSONAL NAME | |
| Personal name | LIPSCHUTZ, SEYMOUR |
| 245 ## - TITLE STATEMENT | |
| Title | DATA STRUCTURES |
| 260 ## - PUBLICATION, DISTRIBUTION, ETC. (IMPRINT) | |
| Place of publication, distribution, etc | NEW DELHI |
| Name of publisher, distributor, etc | MC GRAW HILL EDUCATION INDIA PRIVATE LIMITED |
| Year of Publication | 2015 |
| 300 ## - PAGE DESCRIPTION | |
| No. of Pages | V.P. |
| 650 ## - SUBJECT ADDED ENTRY--TOPICAL TERM | |
| Topical term or geographic name as entry element | ARITHMETIC |
| 653 ## - KEYWORDS--INDEX TERM | |
| Keyword term | INTRODUCTION AND OVERVIEW, PRELIMINARIES, STRING PROCESSING, ARRAYS RECORDS AND POINTERS LINKED, TREES |
| 942 ## - ADDED ENTRY ELEMENTS (KOHA) | |
| Source of classification or shelving scheme | Dewey Decimal Classification |
| Koha item type | FPS Books |
| 942 ## - ADDED ENTRY ELEMENTS (KOHA) | |
| -- | 2 |
| Withdrawn status | Lost status | Source of classification or shelving scheme | Damaged status | Not for loan | Collection code | Home library | Current library | Shelving location | Date acquired | Vendor Name | Cost, normal purchase price | SGTU | Bill Number | Total Checkouts | Full call number | Accession No. (Barcode) | Date last seen | Date last borrowed | Bill Date | Koha item type |
|---|---|---|---|---|---|---|---|---|---|---|---|---|---|---|---|---|---|---|---|---|
| Dewey Decimal Classification | SCIENCE | SGT Science & Social Sciences Library | SGT Science & Social Sciences Library | Text Book | 29/06/2016 | AHUJA BOOK | 495.00 | SGTU | 6680 | 18 | 515.83LIP | PS1468 | 21/11/2024 | 08/11/2024 | 03/03/2016 | FPS Books | ||||
| Dewey Decimal Classification | SCIENCE | SGT Science & Social Sciences Library | SGT Science & Social Sciences Library | Text Book | 10/09/2016 | AHUJA BOOK | 495.00 | SGTU | 7132 | 16 | 515.83LIP | PS2275 | 15/05/2018 | 28/04/2018 | 08/08/2016 | FPS Books | ||||
| Dewey Decimal Classification | SCIENCE | SGT Science & Social Sciences Library | SGT Science & Social Sciences Library | Text Book | 10/09/2016 | AHUJA BOOK | 495.00 | SGTU | 7132 | 17 | 515.83LIP | PS2276 | 16/10/2023 | 04/10/2023 | 08/08/2016 | FPS Books |